[Event "Tournoi Skype 023A"]
[Site "Skype"]
[Date "????.??.??"]
[Round "1.33"]
[White "Martinez, Jose Abel"]
[Black "Erden, Enes"]
[Result "0-1"]
[WhiteElo "1664"]
[BlackElo "1410"]
[PlyCount "80"]

1. d4 Nf6 2. Nf3 e6 3. Bg5 Be7 4. e3 d5 5. Bd3 c5 6. c3 c4 7. Bc2 Nbd7 8. Nbd2
Qc7 9. O-O e5 10. e4 Qd6 11. Re1 O-O 12. dxe5 Nxe5 13. exd5 Nxf3+ 14. Qxf3 Bg4
15. Qg3 Qxg3 16. hxg3 Bd8 17. Bxf6 Bxf6 18. f3 Bd7 19. Nxc4 Rac8 20. Nd6 Rc7
21. Ne4 Bd8 22. Rad1 b5 23. a3 a5 24. Bd3 Rb7 25. Nc5 Bb6 26. b4 Rc7 27. d6
Bxc5+ 28. bxc5 Rxc5 29. Re7 Rd8 30. Be4 Rxc3 31. Bd5 Be6 32. Bxe6 fxe6 33. d7
Kf8 34. Rxe6 Rxa3 35. Rd5 Kf7 36. Rc6 b4 37. Rcc5 b3 38. Rxa5 b2 39. Rab5 Ra1+
40. Kh2 b1=Q 0-1

[Event "Tournoi Skype 023A"]
[Site "Skype"]
[Date "????.??.??"]
[Round "1.34"]
[White "Bhandari, Dattatrey"]
[Black "Rugman, Dan"]
[Result "0-1"]
[WhiteElo "1381"]
[BlackElo "1664"]
[PlyCount "76"]

1. e4 c5 2. Nf3 d6 3. d4 cxd4 4. Nxd4 Nf6 5. Nc3 a6 6. f3 e6 7. f4 b5 8. Bd3
Bb7 9. Qe2 Be7 10. Nd1 O-O 11. Nf2 Nbd7 12. g4 Nc5 13. g5 Nfd7 14. h4 Rc8 15.
Rg1 Nxd3+ 16. Nxd3 Qa5+ 17. Bd2 Qb6 18. Be3 Nc5 19. f5 Nxe4 20. Nxe6 Qa5+ 21.
b4 Qa3 22. Nxf8 Qc3+ 23. Bd2 Qxa1+ 24. Bc1 Qc3+ 25. Bd2 Qxd2+ 26. Qxd2 Nxd2 27.
Kxd2 Kxf8 28. h5 d5 29. Ne5 Bxb4+ 30. Kd3 Bd6 31. Nd7+ Ke7 32. Nb6 Rc7 33. Re1+
Kf8 34. g6 hxg6 35. fxg6 fxg6 36. Re6 Rc6 37. Nxd5 Kf7 38. Rxg6 Rc5 0-1

[Event "Tournoi Skype 023A"]
[Site "Skype"]
[Date "????.??.??"]
[Round "2.1"]
[White "Karia, Vijay"]
[Black "Siret, Bernard"]
[Result "1/2-1/2"]
[WhiteElo "1761"]
[BlackElo "2045"]
[PlyCount "76"]

1. e4 e5 2. Bc4 Nf6 3. d3 Nc6 4. Nc3 Bc5 5. f4 d6 6. Nf3 Ng4 7. Ng5 O-O 8. f5
Nf6 9. Na4 Bb6 10. Nxb6 axb6 11. O-O Na5 12. Bxf7+ Rxf7 13. Nxf7 Kxf7 14. g4
Nc6 15. g5 Nd7 16. Qh5+ Kg8 17. f6 Nf8 18. fxg7 Ng6 19. Qh6 Bg4 20. h4 Qd7 21.
Kh2 Qxg7 22. Qxg7+ Kxg7 23. Kg3 Bh5 24. Bd2 Nd4 25. a3 Ne2+ 26. Kh3 Nef4+ 27.
Kg3 Rf8 28. Rae1 Ne2+ 29. Kh3 Ngf4+ 30. Kh2 Kg6 31. Rf2 Bg4 32. Bxf4 Rxf4 33.
Rexe2 Bxe2 34. Rxe2 Rxh4+ 35. Kg3 Kxg5 36. Rd2 Rf4 37. Re2 h5 38. Rd2 Rg4+
1/2-1/2

[Event "Tournoi Skype 023A"]
[Site "Skype"]
[Date "????.??.??"]
[Round "2.2"]
[White "Benson, Paul"]
[Black "Diaz, Jose Garcia"]
[Result "1-0"]
[WhiteElo "2021"]
[BlackElo "1749"]
[PlyCount "72"]

1. e4 d5 2. exd5 Nf6 3. Bc4 Nxd5 4. Qf3 e6 5. Ne2 Qf6 6. Bxd5 Qxf3 7. Bxf3 Nc6
8. Bxc6+ bxc6 9. d4 Ba6 10. Nbc3 Bb4 11. Bd2 O-O-O 12. a3 Bd6 13. O-O-O c5 14.
Be3 cxd4 15. Nxd4 Bb7 16. Nf3 a5 17. Nb5 f6 18. Nxd6+ Rxd6 19. Rxd6 cxd6 20.
Rd1 d5 21. Bb6 a4 22. Nd4 Kd7 23. f4 e5 24. fxe5 fxe5 25. Nf3 e4 26. Ng1 Re8
27. Kd2 Kc6 28. Bd4 Rf8 29. Ke3 g5 30. Ne2 Kd6 31. Nc3 Bc6 32. Nxe4+ Kc7 33.
Nf6 Rf7 34. Be5+ Kb6 35. Kd4 h5 36. Rd2 Kb5 1-0

[Event "Tournoi Skype 023A"]
[Site "Skype"]
[Date "????.??.??"]
[Round "2.3"]
[White "Deville, Olivier"]
[Black "Engstrom, Olle"]
[Result "1/2-1/2"]
[WhiteElo "1965"]
[BlackElo "1749"]
[PlyCount "45"]

1. d4 Nf6 2. c4 g6 3. Nc3 d5 4. cxd5 Nxd5 5. Bd2 Nb6 6. Nf3 Bg7 7. e3 O-O 8.
Be2 Nc6 9. Bb5 Nb4 10. O-O a6 11. Be2 N6d5 12. Nxd5 Nxd5 13. e4 Nb6 14. Bc3 Bd7
15. d5 Bxc3 16. bxc3 Na4 17. Qd4 c5 18. Qd2 Kg7 19. Ne5 f6 20. Ng4 Bxg4 21.
Bxg4 Qd6 22. f4 e5 23. f5 1/2-1/2

[Event "Tournoi Skype 023A"]
[Site "Skype"]
[Date "????.??.??"]
[Round "2.4"]
[White "Murgia, Stefano"]
[Black "Silva, Rodrigo De Souza"]
[Result "0-1"]
[WhiteElo "1728"]
[BlackElo "1897"]
[PlyCount "44"]

1. e4 c5 2. Nf3 g6 3. d4 cxd4 4. Nxd4 Nf6 5. Nc3 Nc6 6. Bc4 Bg7 7. Be3 Qa5 8.
Nb3 Qb4 9. Be2 Nxe4 10. O-O Nxc3 11. bxc3 Qxc3 12. Rb1 O-O 13. Nd2 Qa5 14. c4
d6 15. Ne4 Bf5 16. Rb5 Qc7 17. Ng3 Bd7 18. c5 dxc5 19. Rxc5 Rfd8 20. Qc1 Rac8
21. Bf3 Qb8 22. Bh6 Ne5 0-1

[Event "Tournoi Skype 023A"]
[Site "Skype"]
[Date "????.??.??"]
[Round "2.5"]
[White "Ibarra Cantu, Raul Alberto"]
[Black "Vasquez, Oscar"]
[Result "1-0"]
[WhiteElo "1892"]
[BlackElo "1716"]
[PlyCount "145"]

1. c4 e5 2. Nc3 Nf6 3. Nf3 Nc6 4. g3 Bb4 5. Qc2 O-O 6. Bg2 Bxc3 7. Qxc3 e4 8.
Ne5 Nxe5 9. Qxe5 Re8 10. Qd4 c6 11. c5 b6 12. b4 bxc5 13. bxc5 Rb8 14. Bb2 Qa5
15. Bc3 Qb5 16. O-O Qxe2 17. Rfe1 Qd3 18. Qxd3 exd3 19. Bxf6 Rxe1+ 20. Rxe1
gxf6 21. Re8+ Kg7 22. Bh3 Rb1+ 23. Kg2 Ba6 24. Bxd7 Bb5 25. Rc8 Rc1 26. Bxc6
Rxc5 27. Bd7 Rc2 28. Rd8 Bc4 29. Bf5 Rxa2 30. Rd4 Bb5 31. Bxd3 Bc6+ 32. Be4
Bxe4+ 33. Rxe4 Rxd2 34. Ra4 Rd7 35. Kf3 Rc7 36. Ra2 Re7 37. Kf4 h6 38. Kf5 Re5+
39. Kf4 a5 40. Ra4 Rb5 41. Ke3 f5 42. h3 h5 43. Kd3 Kf6 44. Ke3 Rd5 45. Kf3 Re5
46. Kg2 Rb5 47. Kf3 Ke5 48. Ke3 Kd6 49. Rh4 Rb3+ 50. Ke2 Rb2+ 51. Ke3 Rb3+ 52.
Ke2 Rb2+ 53. Kf1 Ke5 54. Kg2 f6 55. Rxh5 a4 56. g4 a3 57. Rxf5+ Ke6 58. Ra5 a2
59. Ra7 Rd2 60. h4 Rd4 61. Kg3 Rd3+ 62. f3 Rd2 63. h5 Rb2 64. h6 Rb1 65. Rxa2
Rb8 66. h7 Rh8 67. Rh2 Kf7 68. Kf4 Kg6 69. Rh1 Rxh7 70. Rxh7 Kxh7 71. Kf5 Kg7
72. Ke6 Kg6 73. f4 1-0

[Event "Tournoi Skype 023A"]
[Site "Skype"]
[Date "????.??.??"]
[Round "2.6"]
[White "Calcino, Luis"]
[Black "Hilton, Stephen"]
[Result "1-0"]
[WhiteElo "1714"]
[BlackElo "1880"]
[PlyCount "39"]

1. d4 Nf6 2. c4 g6 3. Nc3 Bg7 4. e4 d6 5. Nf3 O-O 6. Be2 e5 7. O-O exd4 8. Nxd4
Re8 9. f3 c6 10. Be3 d5 11. cxd5 Nxd5 12. Nxd5 cxd5 13. Bb5 Bd7 14. Qb3 dxe4
15. fxe4 Rxe4 16. Rxf7 Kh8 17. Bxd7 Nxd7 18. Ne6 Rxe6 19. Qxe6 Ne5 20. Rxg7 1-0

[Event "Tournoi Skype 023A"]
[Site "Skype"]
[Date "????.??.??"]
[Round "2.7"]
[White "Lambert, Pierre"]
[Black "Ortega, Elvis"]
[Result "0-1"]
[WhiteElo "1868"]
[BlackElo "1712"]
[PlyCount "72"]

1. e4 c5 2. Nf3 d6 3. d4 cxd4 4. Nxd4 Nf6 5. Nc3 a6 6. Be2 e6 7. O-O Be7 8. Be3
O-O 9. f4 Qc7 10. f5 Nc6 11. fxe6 fxe6 12. Nf3 Ng4 13. Qd2 Nxe3 14. Qxe3 Bf6
15. a3 b5 16. Kh1 Bb7 17. Ng5 Qe7 18. Nh3 Rac8 19. Rad1 Ne5 20. Nf2 Nc4 21.
Bxc4 Rxc4 22. Qd3 Bxc3 23. bxc3 d5 24. e5 Qxa3 25. Qh3 Qe7 26. Ng4 Rcf4 27.
Nh6+ gxh6 28. Rxf4 Rxf4 29. Qxh6 Qf7 30. Qg5+ Kh8 31. Kg1 Qf8 32. Qh5 Bc6 33.
Qh3 Rf5 34. Qe3 d4 35. cxd4 Bd5 36. Qc3 Rf2 0-1

[Event "Tournoi Skype 023A"]
[Site "Skype"]
[Date "????.??.??"]
[Round "2.8"]
[White "Grosso, Raul"]
[Black "Lopez, Jose Luis"]
[Result "1-0"]
[WhiteElo "1700"]
[BlackElo "1865"]
[PlyCount "57"]

1. d4 d5 2. c4 e5 3. dxe5 d4 4. Nf3 Nc6 5. g3 Bg4 6. Bg2 Bb4+ 7. Bd2 Qe7 8. O-O
O-O-O 9. a3 Bxd2 10. Nbxd2 d3 11. e3 Nxe5 12. Qa4 Kb8 13. Nxe5 Qxe5 14. c5 Bd7
15. Qb4 b6 16. Rac1 Be6 17. Nf3 Qh5 18. Nd4 Bd7 19. cxb6 axb6 20. Qc4 c5 21.
Qa6 Kc7 22. Qb7+ Kd6 23. Qxb6+ Ke7 24. Rxc5 Qxc5 25. Qxc5+ Ke8 26. Bc6 h5 27.
Bxd7+ Rxd7 28. Rd1 Nf6 29. Rxd3 1-0

[Event "Tournoi Skype 023A"]
[Site "Skype"]
[Date "????.??.??"]
[Round "2.9"]
[White "Altinok, Selim"]
[Black "Trivedi, Viral"]
[Result "1-0"]
[WhiteElo "1834"]
[BlackElo "1670"]
[PlyCount "59"]

1. d4 e6 2. Nf3 d5 3. c4 f5 4. g3 Nf6 5. Nc3 c6 6. Bg2 Bd6 7. b3 b6 8. O-O Qe7
9. Bf4 Bxf4 10. gxf4 O-O 11. Ne5 Nbd7 12. Nxc6 Qf7 13. Ne5 Nxe5 14. dxe5 Ne4
15. Rc1 Bb7 16. cxd5 Nxc3 17. Rxc3 Bxd5 18. Bxd5 exd5 19. Rd3 Rad8 20. Qd2 Qg6+
21. Kh1 Qc6 22. Rc1 Qb7 23. f3 Rf7 24. Rd1 Rfd7 25. Rd4 Qc6 26. e4 fxe4 27.
fxe4 dxe4 28. Rxd7 Rxd7 29. Qxd7 Qc3 30. Qd8+ 1-0

[Event "Tournoi Skype 023A"]
[Site "Skype"]
[Date "????.??.??"]
[Round "2.10"]
[White "Rugman, Dan"]
[Black "Ricieri, Vinicius"]
[Result "1-0"]
[WhiteElo "1664"]
[BlackElo "1831"]
[PlyCount "23"]

1. e4 c5 2. Nf3 Nc6 3. Bb5 g6 4. O-O Bg7 5. Bxc6 bxc6 6. Re1 Nh6 7. c3 O-O 8.
h3 d5 9. d3 e6 10. Be3 c4 11. Qd2 cxd3 12. Bxh6 1-0

[Event "Tournoi Skype 023A"]
[Site "Skype"]
[Date "????.??.??"]
[Round "2.13"]
[White "Castillo, Jesus"]
[Black "Martinez Quintero, Javier"]
[Result "0-1"]
[WhiteElo "1460"]
[BlackElo "1779"]
[PlyCount "104"]

1. e4 c5 2. Nf3 g6 3. Bc4 Bg7 4. d4 cxd4 5. Nxd4 Nc6 6. Be3 Nf6 7. Nc3 O-O 8.
Qd2 e6 9. O-O-O Ng4 10. Nxc6 bxc6 11. Bd4 Qa5 12. Bxg7 Kxg7 13. f3 Ne5 14. Qd4
f6 15. Bb3 d5 16. g4 Nxf3 17. Qf2 Ne5 18. g5 f5 19. Qd4 dxe4 20. h4 Kg8 21. h5
Nf3 22. Qe3 Qe5 23. hxg6 hxg6 24. Rdf1 Qd6 25. Rh6 Kf7 26. Rfh1 Qg3 27. Rh7+
Ke8 28. Rh8 Qxg5 29. Rxf8+ Kxf8 30. Qxg5 Nxg5 31. Rg1 Nf3 32. Rxg6 Kf7 33. Rh6
e3 34. Rh3 Nd2 35. Rxe3 Nxb3+ 36. axb3 Kf6 37. Ne2 e5 38. Kd2 Be6 39. Rd3 Rh8
40. Rd6 c5 41. Rc6 Rc8 42. Rd6 Ke7 43. Rd3 Rd8 44. Rxd8 Kxd8 45. Kd3 Ke7 46. c4
Kf6 47. Nc3 e4+ 48. Ke3 Ke5 49. Ne2 Bf7 50. Nf4 a5 51. Nd5 Bxd5 52. cxd5 Kxd5
0-1

[Event "Tournoi Skype 023A"]
[Site "Skype"]
[Date "????.??.??"]
[Round "2.14"]
[White "Saponara, Jose Maria"]
[Black "Ramirez Reina, Orlando"]
[Result "1-0"]
[WhiteElo "1779"]
[BlackElo "1432"]
[PlyCount "83"]

1. e4 Nf6 2. Nc3 e5 3. Nf3 d6 4. d4 Bg4 5. dxe5 Bxf3 6. Qxf3 dxe5 7. Bc4 Bb4 8.
O-O O-O 9. Bg5 Bxc3 10. bxc3 Nbd7 11. Rfd1 Qe7 12. Rd2 Nc5 13. Bd3 h6 14. Bh4
g5 15. Bg3 Kg7 16. Qf5 Rfe8 17. h4 g4 18. h5 Qe6 19. Re1 Qxf5 20. exf5 e4 21.
Bc4 Re7 22. Red1 Rae8 23. Bf4 Nxh5 24. Be3 b6 25. Bb5 Rc8 26. Rd8 Rxd8 27. Rxd8
a6 28. Bxc5 axb5 29. Bxe7 Nf6 30. Bxf6+ Kxf6 31. Rd7 Kxf5 32. Rxf7+ Kg6 33.
Rxc7 h5 34. Rc6+ Kg5 35. Rxb6 h4 36. Rxb5+ Kf4 37. a4 e3 38. Rb4+ Kg5 39. fxe3
h3 40. gxh3 gxh3 41. Kh2 Kh5 42. Kxh3 1-0

[Event "Tournoi Skype 023A"]
[Site "Skype"]
[Date "????.??.??"]
[Round "2.16"]
[White "Dal, Ibrahim"]
[Black "Rico Hernandez, Edgar"]
[Result "1/2-1/2"]
[WhiteElo "1809"]
[BlackElo "1981"]
[PlyCount "97"]

1. d4 d5 2. c4 e6 3. Nc3 Nf6 4. Bg5 Nbd7 5. Nf3 Be7 6. e3 O-O 7. Rc1 c6 8. Bd3
dxc4 9. Bxc4 Nd5 10. Bxe7 Qxe7 11. O-O Nxc3 12. Rxc3 e5 13. dxe5 Nxe5 14. Nxe5
Qxe5 15. Qc2 Bf5 16. Bd3 Bg6 17. Bxg6 hxg6 18. Rc5 Qe7 19. g3 Rad8 20. h4 Rd6
21. Qc3 Rfd8 22. h5 Qf6 23. hxg6 Qxg6 24. Qc2 Qg4 25. Rc4 Qg5 26. Rh4 Rg6 27.
Kh2 Rdd6 28. Rh1 Rh6 29. Kg1 Rxh4 30. Rxh4 Qg6 31. Qxg6 Rxg6 32. a4 a6 33. Rd4
b5 34. Rd8+ Kh7 35. b4 Rg4 36. Rd4 Rxd4 37. exd4 Kg6 38. f3 Kf5 39. Kf2 g5 40.
Ke3 Ke6 41. Kd3 f6 42. Ke4 f5+ 43. Ke3 Kd6 44. Ke2 Ke6 45. Ke3 Kf6 46. Kd3 Ke6
47. Ke3 Kd6 48. Ke2 Ke6 49. Ke3 1/2-1/2

[Event "Tournoi Skype 023A"]
[Site "Skype"]
[Date "????.??.??"]
[Round "2.17"]
[White "Casey, Eamonn"]
[Black "Sanchez, Carlos"]
[Result "0-1"]
[WhiteElo "1725"]
[BlackElo "1744"]
[PlyCount "86"]

1. d4 Nf6 2. c4 e6 3. Nf3 b6 4. Bg5 h6 5. Bh4 Bb4+ 6. Nc3 Ne4 7. Qc2 Bb7 8. e3
g5 9. Bg3 Bxc3+ 10. bxc3 Nxg3 11. hxg3 Qf6 12. Bd3 d6 13. Be4 d5 14. cxd5 exd5
15. Bd3 Nc6 16. O-O O-O-O 17. Qe2 h5 18. Ba6 h4 19. gxh4 gxh4 20. Bxb7+ Kxb7
21. e4 dxe4 22. Qxe4 Rde8 23. Ne5 h3 24. g3 Qe6 25. f4 f6 26. d5 Qd6 27. dxc6+
Ka8 28. Qd4 fxe5 29. Qxd6 cxd6 30. fxe5 dxe5 31. Rad1 Rc8 32. Rd6 Kb8 33. Rf7
Rc7 34. Rxc7 Kxc7 35. Re6 Rh5 36. Kh2 e4 37. g4 Rh4 38. Kh1 Rxg4 39. Kh2 Rg2+
40. Kxh3 Rxa2 41. Rxe4 Kxc6 42. Kg4 b5 43. Kf4 Ra4 0-1

[Event "Tournoi Skype 023A"]
[Site "Skype"]
[Date "????.??.??"]
[Round "2.18"]
[White "Aravena, Alvaro"]
[Black "Perrone, Gabriel Lorenzo"]
[Result "1/2-1/2"]
[WhiteElo "1700"]
[BlackElo "1523"]
[PlyCount "120"]

1. e4 e5 2. Nf3 Nc6 3. Bc4 Bc5 4. c3 Nf6 5. d3 a6 6. O-O O-O 7. h3 d6 8. Bg5 h6
9. Bh4 Re8 10. Nbd2 Be6 11. d4 exd4 12. cxd4 Nxd4 13. Nxd4 Bxd4 14. Qb3 Bxc4
15. Qxc4 Rxe4 16. Nxe4 Bxb2 17. Rab1 b5 18. Qc6 Be5 19. Nxf6+ Bxf6 20. Bxf6
gxf6 21. Rfe1 Kf8 22. Rb3 d5 23. Rbe3 d4 24. Re8+ Qxe8 25. Rxe8+ Rxe8 26. Qc5+
Kg7 27. Qxd4 Re5 28. Qa7 c5 29. Qxa6 c4 30. f4 Rc5 31. Qb6 Rd5 32. Qc6 Rf5 33.
g4 Rxf4 34. Qxb5 c3 35. Qd3 Ra4 36. Qxc3 Rxa2 37. h4 Ra4 38. Qf3 Rb4 39. Qf5
Rb6 40. Kg2 Re6 41. Kf3 Re5 42. Qf4 Kg6 43. Kg3 Re1 44. Qf5+ Kg7 45. Kh3 Re3+
46. Kg2 Re5 47. Qc8 Re4 48. Kf3 Re1 49. Kf4 Rh1 50. h5 Rf1+ 51. Ke4 Re1+ 52.
Kd5 Re5+ 53. Kd6 Re4 54. Qf5 Re5 55. Qxe5 fxe5 56. Kxe5 Kf8 57. Kf6 Kg8 58. g5
hxg5 59. Kxg5 Kg7 60. h6+ Kh7 1/2-1/2

[Event "Tournoi Skype 023A"]
[Site "Skype"]
[Date "????.??.??"]
[Round "2.19"]
[White "Megelas, Florent"]
[Black "Yardimci, Ertan"]
[Result "1/2-1/2"]
[WhiteElo "1643"]
[BlackElo "1554"]
[PlyCount "58"]

1. e4 c6 2. d4 d5 3. exd5 cxd5 4. Nf3 Bg4 5. Be2 Nf6 6. Nc3 e6 7. a3 Be7 8. O-O
O-O 9. Ne5 Bxe2 10. Qxe2 Nbd7 11. Bf4 Qb6 12. Nxd7 Nxd7 13. Qd3 a6 14. Rfb1
Rac8 15. Ne2 Nf6 16. c3 Nh5 17. Bd2 Bd6 18. Qf3 Nf6 19. Ng3 h6 20. Bf4 Qc7 21.
Bxd6 Qxd6 22. Rd1 Qe7 23. Re1 Qc7 24. h3 Rfe8 25. Rab1 Qc6 26. Rbc1 Qb6 27. Rb1
Qc6 28. Rbc1 Qb6 29. Rb1 Qc6 1/2-1/2

[Event "Tournoi Skype 023A"]
[Site "Skype"]
[Date "????.??.??"]
[Round "2.20"]
[White "Junqueira, Leonardo De Faria"]
[Black "Aranzubia, Desiderio"]
[Result "1-0"]
[WhiteElo "1487"]
[BlackElo "1506"]
[PlyCount "67"]

1. e4 c5 2. d4 cxd4 3. c3 dxc3 4. Nxc3 Nc6 5. Bc4 Nf6 6. Nf3 a6 7. e5 Ng8 8.
O-O e6 9. Be3 Qc7 10. Bb3 Nxe5 11. Bf4 Nxf3+ 12. Qxf3 Bd6 13. Bxd6 Qxd6 14. Ne4
Qe5 15. Rad1 d5 16. Nc3 Nf6 17. Rfe1 Qh5 18. Qxh5 Nxh5 19. Nxd5 O-O 20. Nb6 Rb8
21. Ba4 Nf6 22. Rd2 g6 23. Red1 Kg7 24. Rd8 Bd7 25. Rxb8 Bxa4 26. Rxf8 Bxd1 27.
Rb8 Be2 28. Rxb7 Ne8 29. Nd7 Nd6 30. Ra7 Bb5 31. Nc5 Nc8 32. Rc7 Nd6 33. Nxe6+
Kf6 34. Nd4 1-0

[Event "Tournoi Skype 023A"]
[Site "Skype"]
[Date "????.??.??"]
[Round "2.21"]
[White "Khetre, Gaurav"]
[Black "Khunte, Aniruddha"]
[Result "0-1"]
[WhiteElo "1742"]
[BlackElo "1550"]
[PlyCount "130"]

1. f4 d5 2. Nf3 Nc6 3. e3 Bg4 4. Be2 Nf6 5. Ne5 Nxe5 6. fxe5 Bxe2 7. Qxe2 Nd7
8. d4 e6 9. Nd2 c5 10. c3 cxd4 11. cxd4 Bb4 12. Qg4 O-O 13. O-O Rc8 14. Nf3 Be7
15. Bd2 Rc2 16. Bc3 Re2 17. Bd2 f5 18. Qg3 Bh4 19. Qh3 Bg5 20. Rae1 Rxe1 21.
Rxe1 Be7 22. Rf1 Rf7 23. Ne1 Nf8 24. Nd3 Ng6 25. g3 b6 26. Rc1 Qe8 27. Qf1 a6
28. Qd1 Kh8 29. Rc3 Bd8 30. Qc2 Ra7 31. Rc6 Qf7 32. Rc8 Qd7 33. Bb4 Rc7 34.
Rxc7 Bxc7 35. a4 b5 36. Nc5 Qc6 37. axb5 axb5 38. Qc3 Bd8 39. Qa3 Qc8 40. Qa7
Bg5 41. Kf2 Nf8 42. h4 Bh6 43. Qf7 g6 44. Kf3 Bg7 45. Ke2 h5 46. Kd2 Bh6 47.
Nb7 Qa8 48. Ba3 Bg7 49. Nd6 Qa5+ 50. Ke2 b4 51. Ne8 Qb5+ 52. Kf2 Qd7 53. Qxd7
Nxd7 54. Bxb4 Kg8 55. Ke2 Bh8 56. Bd6 Kf7 57. Nc7 Nb6 58. b4 Na4 59. b5 Bg7 60.
Bc5 Nxc5 61. dxc5 Bxe5 62. Na6 Ke8 63. Kf3 Kd7 64. Nb4 Bc3 65. b6 Bxb4 0-1

[Event "Tournoi Skype 023A"]
[Site "Skype"]
[Date "????.??.??"]
[Round "2.22"]
[White "Sauvaget, Joel"]
[Black "Thoune, Jim"]
[Result "0-1"]
[WhiteElo "1548"]
[BlackElo "1674"]
[PlyCount "60"]

1. e4 c5 2. Nc3 Nc6 3. Nf3 a6 4. Bc4 e6 5. a3 d6 6. d3 Nf6 7. h3 Be7 8. O-O O-O
9. Bf4 h6 10. Re1 e5 11. Bg3 b5 12. Bb3 Bb7 13. Nd5 Qd7 14. Nxe7+ Nxe7 15. Bh4
Nh7 16. c3 Kh8 17. d4 Qc7 18. d5 Ng6 19. Bg3 f5 20. exf5 Rxf5 21. Bc2 Rf6 22.
Qd3 Qf7 23. Bh4 c4 24. Qe4 Bxd5 25. Qg4 Nxh4 26. Nxh4 Ng5 27. Rad1 Be6 28. Qe2
Bxh3 29. gxh3 Nxh3+ 30. Kg2 Rxf2+ 0-1

[Event "Tournoi Skype 023A"]
[Site "Skype"]
[Date "????.??.??"]
[Round "2.23"]
[White "Gharbi, Said"]
[Black "Martinez, Jose Abel"]
[Result "0-1"]
[WhiteElo "1541"]
[BlackElo "1664"]
[PlyCount "158"]

1. e4 e6 2. d4 d5 3. exd5 exd5 4. Nc3 c6 5. Nf3 Bf5 6. a3 Bd6 7. Bg5 Nf6 8. Nh4
Be6 9. Qf3 Nbd7 10. Nf5 Bxf5 11. Qxf5 O-O 12. Bd3 Qb6 13. Ne2 Qxb2 14. O-O Qb6
15. Bxf6 Bxh2+ 16. Kh1 Nxf6 17. Kxh2 Qc7+ 18. g3 h6 19. Nf4 Qc8 20. Qxc8 Raxc8
21. Rfe1 Rfe8 22. Rxe8+ Rxe8 23. Rb1 Re7 24. Bf5 g6 25. Bc8 b5 26. Rb4 a5 27.
Rb3 a4 28. Rc3 Rc7 29. Ba6 Ne4 30. Rf3 Ra7 31. Bc8 Nd6 32. Bh3 Nc4 33. Nd3 Nd2
34. Rf6 Rc7 35. Nb4 Nc4 36. Rxc6 Ra7 37. Nxd5 Nxa3 38. Nb4 Nc4 39. Bf1 a3 40.
Na2 Nd2 41. Bxb5 Rb7 42. Rc5 f5 43. d5 Rb8 44. d6 Ne4 45. Rd5 Nf6 46. Rd3 Rxb5
47. Rxa3 Rd5 48. Ra6 Ne4 49. Nb4 Rxd6 50. Rxd6 Nxd6 51. Kg2 g5 52. Kf3 Kf7 53.
Ke3 Ke6 54. f3 h5 55. Nd3 h4 56. Kf2 hxg3+ 57. Kxg3 Nc4 58. c3 Nd2 59. Ne1 Nb1
60. c4 Na3 61. c5 Kd5 62. Nd3 Nb5 63. Kf2 Kd4 64. Ke2 Nc3+ 65. Kd2 Nb1+ 66. Kc2
Na3+ 67. Kb3 Nc4 68. Kb4 Kxd3 69. c6 Nd6 70. Kc5 Ne8 71. Kb6 g4 72. fxg4 fxg4
73. Kb7 g3 74. Kc8 g2 75. Kd8 g1=Q 76. Kxe8 Qc5 77. Kd7 Qd5+ 78. Kc7 Kc4 79.
Kb7 Kb5 0-1

[Event "Tournoi Skype 023A"]
[Site "Skype"]
[Date "????.??.??"]
[Round "2.24"]
[White "Sepulveda, Lyda Marcela"]
[Black "Bendre, Pankaj"]
[Result "0-1"]
[WhiteElo "1649"]
[BlackElo "1540"]
[PlyCount "32"]

1. e4 c5 2. Nf3 e6 3. d4 cxd4 4. Nxd4 a6 5. c4 Qc7 6. Be2 Nf6 7. Nc3 Bb4 8. Qc2
Nc6 9. Nb3 O-O 10. Nd2 h6 11. a3 Bxc3 12. Qxc3 d5 13. cxd5 exd5 14. exd5 Nxd5
15. Qc5 Nf4 16. Bf3 Nd3+ 0-1

[Event "Tournoi Skype 023A"]
[Site "Skype"]
[Date "????.??.??"]
[Round "2.26"]
[White "Hague, Mark"]
[Black "Mulrooney, Justin"]
[Result "0-1"]
[WhiteElo "1529"]
[BlackElo "1637"]
[PlyCount "50"]

1. e4 e6 2. d4 d5 3. e5 Bd7 4. Nf3 c5 5. c3 Nc6 6. Be3 cxd4 7. cxd4 Nge7 8.
Nbd2 Ng6 9. Bd3 Be7 10. O-O O-O 11. a3 Rc8 12. Rc1 f6 13. Bxg6 hxg6 14. Nh4 Kh7
15. Qg4 Qe8 16. f4 f5 17. Qh3 Rh8 18. Nxf5+ Kg8 19. Nxe7+ Nxe7 20. Qg4 Nf5 21.
Bf2 Bc6 22. Nf3 Bb5 23. Nh4 Rh6 24. Nxf5 gxf5 25. Be3 fxg4 0-1

[Event "Tournoi Skype 023A"]
[Site "Skype"]
[Date "????.??.??"]
[Round "2.27"]
[White "Yeter, Orhan"]
[Black "Martin, Jean-Claude"]
[Result "1-0"]
[WhiteElo "1615"]
[BlackElo "1523"]
[PlyCount "53"]

1. e4 d5 2. exd5 Qxd5 3. Nc3 Qa5 4. d4 Nf6 5. Bd2 c6 6. Bc4 Bf5 7. Nf3 e6 8.
O-O Nbd7 9. Re1 O-O-O 10. a3 Bd6 11. b4 Qc7 12. b5 Nb6 13. Bd3 Bxd3 14. cxd3
Ng4 15. h3 Bh2+ 16. Kf1 Nxf2 17. Qb1 Bg3 18. Rc1 Qd6 19. Be3 Nh1 20. Ne4 Qe7
21. bxc6 Bc7 22. cxb7+ Kxb7 23. a4 a5 24. Qb5 Ng3+ 25. Nxg3 Qb4 26. Qc6+ Kc8
27. Qxc7# 1-0

[Event "Tournoi Skype 023A"]
[Site "Skype"]
[Date "????.??.??"]
[Round "2.28"]
[White "Carballo, Jorge"]
[Black "L'Herbon De Lussats, Jean"]
[Result "0-1"]
[WhiteElo "1508"]
[BlackElo "1614"]
[PlyCount "66"]

1. d4 Nf6 2. Nf3 g6 3. c4 Bg7 4. Nc3 c6 5. e4 e6 6. Bd3 d5 7. cxd5 cxd5 8. Bg5
O-O 9. Nxd5 exd5 10. e5 Nh5 11. Bxd8 b6 12. Bg5 Nc6 13. h3 f5 14. exf6 Nxf6 15.
O-O Be6 16. Qd2 Rf7 17. Bh6 Bh8 18. Ng5 Re7 19. Qc2 Nxd4 20. Qb1 Bf5 21. Bxf5
Nxf5 22. Nxh7 Rxh7 23. Bg5 Ne4 24. Qc2 Nxg5 25. Qc6 Rf8 26. Qxg6+ Rg7 27. Qc6
d4 28. Qd5+ Rgf7 29. g4 Nxh3+ 30. Kh2 Nf4 31. Qf3 Rh7+ 32. Kg1 Nh3+ 33. Kg2
Nh4+ 0-1

[Event "Tournoi Skype 023A"]
[Site "Skype"]
[Date "????.??.??"]
[Round "2.30"]
[White "Fouquereau, Andre"]
[Black "Kruk, Clementine"]
[Result "0-1"]
[WhiteElo "1488"]
[BlackElo "1594"]
[PlyCount "84"]

1. e4 e5 2. Nf3 Nc6 3. c3 Nf6 4. Qc2 Bc5 5. h3 O-O 6. a4 a6 7. d3 h6 8. Be2 Re8
9. O-O d5 10. exd5 Nxd5 11. Nbd2 Nf4 12. Ne4 Nxe2+ 13. Qxe2 Bb6 14. Be3 Ba7 15.
Bxa7 Rxa7 16. Rfd1 Bf5 17. Ng3 Bg6 18. Qe3 Qe7 19. Nh4 Qxh4 20. b4 b6 21. d4
Qf6 22. d5 Nb8 23. d6 Nd7 24. Ne4 Bxe4 25. dxc7 Rxc7 26. Qxe4 Rd8 27. Rd3 Qe7
28. Rad1 b5 29. a5 Rc4 30. Qb7 Qf6 31. Rxd7 Re8 32. R7d6 Qg5 33. R1d3 e4 34.
Rg3 Qf4 35. Rxh6 Qxh6 36. Qd7 Rec8 37. Re3 Rxc3 38. Rxe4 Rc1+ 39. Kh2 R1c7 40.
Qg4 Qd6+ 41. g3 Rc4 42. Qf4 Qxf4 0-1

[Event "Tournoi Skype 023A"]
[Site "Skype"]
[Date "????.??.??"]
[Round "2.31"]
[White "Perez Fermin, Jose"]
[Black "Le Brun, Yves"]
[Result "0-1"]
[WhiteElo "1571"]
[BlackElo "1488"]
[PlyCount "48"]

1. f4 g6 2. d4 f5 3. Nf3 d6 4. e3 Nf6 5. Nc3 Bg7 6. Bd3 b6 7. Qe2 Bb7 8. b3 c5
9. Bb2 Nbd7 10. Ng5 Nf8 11. Bb5+ N6d7 12. Bc4 e6 13. Bxe6 Nxe6 14. Nxe6 Qe7 15.
Nc7+ Kd8 16. Nxa8 Re8 17. O-O-O Qxe3+ 18. Qxe3 Rxe3 19. Nxb6 axb6 20. Nb5 Bxg2
21. Rhg1 Bf3 22. Rg3 Bh6 23. Rf1 Bxf4 24. Rgxf3 Re1# 0-1

[Event "Tournoi Skype 023A"]
[Site "Skype"]
[Date "????.??.??"]
[Round "2.32"]
[White "Galani, Mahendra"]
[Black "Alvarez, Juan Evangelista"]
[Result "1-0"]
[WhiteElo "1469"]
[BlackElo "1568"]
[PlyCount "79"]

1. e4 Nf6 2. e5 Nd5 3. Bc4 Nb6 4. Bb5 c6 5. Be2 d6 6. Nf3 Bf5 7. d3 dxe5 8.
Nxe5 N8d7 9. Nf3 Qc7 10. Nh4 g6 11. Nxf5 gxf5 12. Nd2 O-O-O 13. a4 Nd5 14. a5
Nc5 15. d4 Ne4 16. O-O Rg8 17. a6 b5 18. c4 Nf4 19. Bf3 Rxd4 20. cxb5 cxb5 21.
g3 Qd6 22. Qc2+ Kd7 23. Nxe4 fxe4 24. Bxe4 Rc4 25. Qb1 Ne2+ 26. Kh1 Qe5 27. Bb7
Rgg4 28. Qd3+ Rcd4 29. Qc2 Rc4 30. Rd1+ Kc7 31. Qd3 Rgd4 32. Qb3 Rxd1+ 33. Qxd1
Bg7 34. Be3 Qh5 35. Rb1 Be5 36. b3 Rc3 37. Bd2 Rc5 38. Ba5+ Kb8 39. Qd8+ Rc8
40. Qxc8# 1-0

[Event "Tournoi Skype 023A"]
[Site "Skype"]
[Date "????.??.??"]
[Round "2.33"]
[White "Mitrani, Alberto"]
[Black "Ricieri, Vanilda"]
[Result "0-1"]
[WhiteElo "1567"]
[BlackElo "1452"]
[PlyCount "54"]

1. c4 c5 2. g3 g6 3. Bg2 Bg7 4. Nc3 Nf6 5. d3 O-O 6. Nf3 Nc6 7. O-O d6 8. Bd2
Bd7 9. Qc1 a6 10. a4 Na5 11. Ra3 e6 12. Bg5 Qb6 13. Ra2 Nb3 14. Qc2 Bc6 15. Ra3
Nd4 16. Nxd4 Bxg2 17. Kxg2 cxd4 18. Bxf6 Bxf6 19. Ne4 Bg7 20. Rb3 Qc6 21. a5 d5
22. Rb6 Qc7 23. Nd6 Be5 24. c5 Bxd6 25. Rxd6 Qxa5 26. Rb6 Rfc8 27. b4 Qxb6 0-1